Capital Cities: 5 letters and start with M-Z - Statistics

General Stats
  • This quiz has been taken 42 times
    21 since last reset
  • The average score is 7 of 12
Answer Stats
Answer % Correct
2 Paris
87%
4 Quito
80%
1 Minsk
67%
5 Rabat
67%
10 Tokyo
67%
6 Sanaa
60%
9 Sucre
60%
3 Praia
53%
11 Tunis
53%
7 Seoul
47%
12 Vaduz
47%
8 Sofia
40%
No matching quizzes found
Score Distribution
Percent of People with Each Score
Percentile by Number Answered
Your Score History
You have not taken this quiz since the last reset